000 00408nam a22001577a 4500
020 _a81-8014-025-3
041 _aENG
100 _aSuresh.R
245 _aObjectives and Solved Problems in Farm Power and Machinery Engineering
250 _a1st
260 _aDelhi
_bStandard Publishers
_c2004
300 _a2.220
650 _aCompetitlve Exam
700 _aSanjay Kumar
856 _uCompetitlve Exam ( 36 )
999 _c932
_d932